000 01613nam a2200469 i 4500
001 43775
003 KOSZ 005
005 20200504151502.0
008 061102s2003 pl a f f |000 0 pol
015 _aUWD 2007/1825
020 _a8389321645
035 _a991027577309705066
035 _a(PL-WaBN)b17475806-48omnis_nlop
035 _ab17475806
035 _a(OCoLC)749253576
035 _a(PL)b0000001747580
035 _a(EXLNZ-48OMNIS_NETWORK)9910489879205606
040 _aWA N
_cWA N
_dKOSZ 005/HR
046 _k2003
080 _a55
080 _a(075.8)
100 1 _aKołodziejczyk, Urszula
_c(geologia)
_eAutor
245 1 0 _aZarys geologii /
_cUrszula Kołodziejczyk, Andrzej Kraiński ; Uniwersytet Zielonogórski.
260 _aZielona Góra :
_bOficyna Wydawnicza Uniwersytetu Zielonogórskiego,
_c2003.
300 _a186 s. :
_bil. ;
_c24 cm.
336 _aTekst
_btxt
_2rdacontent
337 _aBez urządzenia pośredniczącego
_bn
_2rdamedia
338 _aWolumin
_bnc
_2rdacarrier
380 _aKsiążki
380 _aPublikacje dydaktyczne
385 _mPoziom nauczania
_aSzkoły wyzsze
388 _a2001-
504 _aBibliogr. s. 185-186.
650 7 _aGeologia
_2DBN
655 7 _aPodręczniki akademickie
_2DBN
658 _aGeografia i nauki o Ziemi
700 1 _aKraiński, Andrzej
_eAutor
710 2 _aOficyna Wydawnicza Uniwersytetu Zielonogórskiego
_4pbl
856 _uhttp://koha.tu.koszalin.pl/cgi-bin/koha/opac-detail.pl?biblionumber=43775
_yKatalog online BPK
942 _2UKD
_cKS
999 _c43775
_d43775